[Event "SVK-ch U12"]
[Site "Tatralandia"]
[Date "2015.04.24"]
[Round "8"]
[White "Slivka, David"]
[Black "Matis, Daniel"]
[Result "1-0"]
[WhiteElo "1575"]
[BlackElo "1640"]
[PlyCount "85"]
[EventDate "2015.04.18"]
[EventType "swiss"]
[EventRounds "9"]
[EventCountry "SVK"]
[SourceTitle "CBM 166 Extra"]
[Source "ChessBase"]
[SourceDate "2015.06.18"]
[SourceVersion "1"]
[SourceVersionDate "2015.06.18"]
[SourceQuality "1"]

1. e4 e5 2. Nf3 Nc6 3. Bb5 a6 4. Ba4 Nf6 5. d3 d6 6. 0-0 Bd7 7. c3 Be7 8. Nbd2 0-0 9. Re1 h6 10. Nf1 Bg4 11. h3 Bh5 12. Ng3 Bg6 13. Bd2 Nh7 14. Bb3 Re8 15. Qc1 Bf6 16. Bxh6 gxh6 17. Qxh6 Bg5 18. Qxg6+ Kh8 19. Bxf7 Rf8 20. Nxg5 Nxg5 21. Qh6+ Nh7 22. Bg6 Qe7 23. Nf5 Qd7 24. Qxh7+ Qxh7 25. Bxh7 Kxh7 26. Re3 Kg6 27. Rg3+ Kf6 28. Rg7 Rac8 29. Re1 Nd8 30. Re3 Ne6 31. Re7 b5 32. Rg3 c6 33. Rd7 d5 34. Rd6 Rf7 35. Rf3 dxe4 36. dxe4 Rh7 37. Nd4+ Ke7 38. Rxe6+ Kd7 39. Rxe5 Kd6 40. Rf6+ Kxe5 41. Re6+ Kf4 42. g3+ Kg5 43. Nf3+ 1-0

[Event "SVK-ch U12"]
[Site "Tatralandia"]
[Date "2015.04.19"]
[Round "2"]
[White "Steiniger, Florian"]
[Black "Matis, Daniel"]
[Result "1/2-1/2"]
[WhiteElo "1388"]
[BlackElo "1640"]
[PlyCount "49"]
[EventDate "2015.04.18"]
[EventType "swiss"]
[EventRounds "9"]
[EventCountry "SVK"]
[SourceTitle "CBM 166 Extra"]
[Source "ChessBase"]
[SourceDate "2015.06.18"]
[SourceVersion "1"]
[SourceVersionDate "2015.06.18"]
[SourceQuality "1"]

1. e4 e5 2. Nf3 Nc6 3. Bb5 d6 4. d4 exd4 5. Nxd4 Bd7 6. 0-0 Nf6 7. Re1 Be7 8. Nxc6 Bxc6 9. Bxc6+ bxc6 10. Nc3 0-0 11. Bg5 h6 12. Bh4 Nh7 13. Bxe7 Qxe7 14. f4 Rfe8 15. Qf3 Rab8 16. Rab1 Qf6 17. Qf2 c5 18. Qe3 Qd8 19. Qd3 Qh4 20. Qg3 Qd8 21. e5 Kh8 22. Red1 Qe7 23. Nd5 Qd8 24. Nc3 Qe7 25. Rd5 1/2-1/2

[Event "SVK-chT4 A22 1415"]
[Site "Slovakia"]
[Date "2015.01.04"]
[Round "6.5"]
[White "Jancik, Ondrej"]
[Black "Matis, Daniel"]
[Result "0-1"]
[WhiteElo "1666"]
[BlackElo "1263"]
[PlyCount "58"]
[EventDate "2014.10.12"]
[EventType "team-tourn"]
[EventRounds "11"]
[EventCountry "SVK"]
[SourceTitle "EXT 2019"]
[Source "ChessBase"]
[SourceDate "2018.10.10"]
[SourceVersion "1"]
[SourceVersionDate "2018.10.10"]
[SourceQuality "1"]

1. e4 e5 2. Nf3 Nc6 3. Bb5 d6 4. d4 exd4 5. Nxd4 Bd7 6. 0-0 Nxd4 7. Bxd7+ Qxd7 8. Qxd4 Nf6 9. Nc3 Be7 10. h3 h6 11. Be3 0-0 12. Rad1 Rfe8 13. Qc4 Bd8 14. f3 c6 15. Bf2 Nh5 16. Rfe1 Re6 17. e5 Rg6 18. g4 Qe7 19. exd6 Qf6 20. Re8+ Kh7 21. Qe4 Qg5 22. Ne2 Nf6 23. Qc4 Nxe8 24. Qxf7 Rxd6 25. Rxd6 Nxd6 26. Qb3 Qb5 27. Qd3+ Qxd3 28. cxd3 Bf6 29. Nc3 Bxc3 0-1

[Event "SVK-ch U12"]
[Site "Stara Lubovna"]
[Date "2014.04.11"]
[Round "8"]
[White "Matis, Daniel"]
[Black "Viczencz, Peter"]
[Result "0-1"]
[WhiteElo "1227"]
[BlackElo "1589"]
[PlyCount "100"]
[EventDate "2014.04.05"]
[EventType "swiss"]
[EventRounds "9"]
[EventCountry "SVK"]
[SourceTitle "EXT 2016"]
[Source "ChessBase"]
[SourceDate "2015.10.08"]
[SourceVersion "1"]
[SourceVersionDate "2015.10.08"]
[SourceQuality "1"]

1. e4 c5 2. Bc4 e6 3. Nc3 a6 4. a3 b5 5. Ba2 Nc6 6. d3 Nf6 7. Nf3 d5 8. 0-0 Be7 9. Re1 0-0 10. exd5 exd5 11. h3 h6 12. Bf4 Be6 13. d4 c4 14. Ne2 Qb6 15. c3 a5 16. Bb1 b4 17. Qd2 Ne4 18. Qc1 Bf5 19. Bxh6 gxh6 20. Qxh6 Bg6 21. Bxe4 dxe4 22. Ng5 Bxg5 23. Qxg5 Qd8 24. Qg3 bxc3 25. bxc3 Qf6 26. Nf4 Qf5 27. h4 Kh8 28. Nxg6+ fxg6 29. a4 Rab8 30. Qe3 Kg7 31. Rad1 Rbd8 32. Rd2 Rfe8 33. Red1 Qd5 34. Rb1 Rb8 35. Rdb2 Rxb2 36. Rxb2 Rb8 37. Qd2 Rb3 38. Qc1 Ne7 39. Re2 Qf5 40. Qc2 Nd5 41. Rxe4 Rxc3 42. Re7+ Nxe7 43. Qxc3 Qd5 44. Kf1 Nc6 45. Ke2 Ne7 46. g4 Nc6 47. Ke3 Nb4 48. h5 gxh5 49. gxh5 Qg5+ 50. f4 Nd5+ 0-1

[Event "SVK-ch U12"]
[Site "Stara Lubovna"]
[Date "2014.04.09"]
[Round "6"]
[White "Ciglian, Michal"]
[Black "Matis, Daniel"]
[Result "1/2-1/2"]
[WhiteElo "1177"]
[BlackElo "1227"]
[PlyCount "63"]
[EventDate "2014.04.05"]
[EventType "swiss"]
[EventRounds "9"]
[EventCountry "SVK"]
[SourceTitle "EXT 2016"]
[Source "ChessBase"]
[SourceDate "2015.10.08"]
[SourceVersion "1"]
[SourceVersionDate "2015.10.08"]
[SourceQuality "1"]

1. d4 d5 2. c4 Nf6 3. Nc3 e6 4. e3 b6 5. Nf3 Bb7 6. a3 Be7 7. Be2 0-0 8. b4 Nbd7 9. c5 c6 10. Bb2 Qc7 11. Rc1 Rac8 12. 0-0 h6 13. b5 Qb8 14. bxc6 Bxc6 15. cxb6 Qxb6 16. Rb1 Qc7 17. Bb5 Rb8 18. Bxc6 Qxc6 19. Qa4 Qc7 20. Rfc1 Nb6 21. Qd1 Nc4 22. Rc2 Bxa3 23. Bxa3 Nxa3 24. Rxb8 Rxb8 25. Rc1 Nc4 26. h3 a5 27. Qa4 Rb4 28. Qd1 Qc6 29. Ne5 Qa8 30. Ra1 Nb6 31. Na4 Nxa4 32. Rxa4 1/2-1/2

[Event "SVK-chT2A 1314"]
[Site "Slovakia"]
[Date "2013.11.23"]
[Round "3.7"]
[White "Petrakovic, Kamil"]
[Black "Matis, Daniel"]
[Result "1-0"]
[WhiteElo "1828"]
[BlackElo "1227"]
[PlyCount "81"]
[EventDate "2013.10.19"]
[EventType "team-tourn"]
[EventRounds "11"]
[EventCountry "SVK"]
[SourceTitle "EXT 2015"]
[Source "ChessBase"]
[SourceDate "2014.11.20"]
[SourceVersion "1"]
[SourceVersionDate "2014.11.20"]
[SourceQuality "1"]
[WhiteTeam "Modra II"]
[BlackTeam "Dunajska Streda II"]
[WhiteTeamCountry "SVK"]
[BlackTeamCountry "SVK"]

1. e4 e5 2. Nf3 Nc6 3. Bb5 d6 4. 0-0 Nf6 5. d4 Bg4 6. dxe5 dxe5 7. Qxd8+ Rxd8 8. Nxe5 Bd7 9. Nxc6 bxc6 10. Bd3 Bc5 11. Nc3 0-0 12. Nd1 Rfe8 13. Be3 Bxe3 14. Nxe3 Nxe4 15. Nc4 Nf6 16. Rfe1 g6 17. h3 Nd5 18. c3 Nf4 19. Bf1 Be6 20. Ne5 c5 21. b3 a5 22. Bb5 Rf8 23. Rad1 Rxd1 24. Rxd1 Rb8 25. Bf1 Ra8 26. Nd7 a4 27. Nxc5 axb3 28. axb3 Ra3 29. c4 Bf5 30. Rd4 Ne6 31. Nxe6 Bxe6 32. b4 Ra1 33. f3 Rb1 34. c5 c6 35. Kf2 Kf8 36. h4 Rb3 37. Bd3 Rb2+ 38. Kg3 Rd2 39. Kf4 Rxg2 40. Be4 Rc2 41. Bxc2 1-0

[Event "SVK-chT2A 1314"]
[Site "Slovakia"]
[Date "2013.10.20"]
[Round "2.7"]
[White "Sahidi, Samir"]
[Black "Matis, Daniel"]
[Result "1-0"]
[WhiteElo "1885"]
[BlackElo "1227"]
[PlyCount "85"]
[EventDate "2013.10.19"]
[EventType "team-tourn"]
[EventRounds "11"]
[EventCountry "SVK"]
[SourceTitle "EXT 2015"]
[Source "ChessBase"]
[SourceDate "2014.11.20"]
[SourceVersion "1"]
[SourceVersionDate "2014.11.20"]
[SourceQuality "1"]
[WhiteTeam "Bratislava KSN"]
[BlackTeam "Dunajska Streda II"]
[WhiteTeamCountry "SVK"]
[BlackTeamCountry "SVK"]

1. Nf3 d5 2. d4 Nf6 3. c4 Bf5 4. Nc3 e6 5. Bg5 Be7 6. Bxf6 Bxf6 7. cxd5 exd5 8. Qb3 b6 9. Qxd5 Qxd5 10. Nxd5 Bd8 11. Rc1 c6 12. Nb4 Bd7 13. Ne5 c5 14. dxc5 bxc5 15. Nbd3 Bb6 16. e3 0-0 17. Be2 Rc8 18. Bf3 Bc6 19. Nxc6 Nxc6 20. Ke2 Rab8 21. Bxc6 Rxc6 22. b3 Rbc8 23. Rhd1 h6 24. Ne5 R6c7 25. Rd7 Rxd7 26. Nxd7 Rc7 27. Ne5 Rc8 28. Rd1 Rd8 29. Rd7 Rf8 30. Nc6 Ra8 31. Kd3 a5 32. Rb7 Bd8 33. Kc4 Rc8 34. Rb8 Rxb8 35. Nxb8 Bc7 36. Nc6 Bxh2 37. Kd3 Bc7 38. Kc4 Bh2 39. f3 Bg1 40. e4 Kf8 41. Kd5 Ke8 42. Nxa5 h5 43. Nc4 1-0